Asian cities report (Record no. 114568)

MARC details
000 -LEADER
fixed length control field 01011cad a22002055a 4500
001 - CONTROL NUMBER
control field L157065
008 - FIXED-LENGTH DATA ELEMENTS--GENERAL INFORMATION
fixed length control field 120828s2012 xxk f 000 0 eng d
035 ## - SYSTEM CONTROL NUMBER
System control number (Sirsi) u157065
041 0# - LANGUAGE CODE
Language code of text/sound track or separate title eng
110 2# - MAIN ENTRY--CORPORATE NAME
Corporate name or jurisdiction name as entry element Savills Research Singapore
9 (RLIN) 6106
245 00 - TITLE STATEMENT
Title Asian cities report
Remainder of title Singapore residential
Medium [electronic resource]
260 ## - PUBLICATION, DISTRIBUTION, ETC.
Place of publication, distribution, etc. Singapore
Name of publisher, distributor, etc. Savills
Date of publication, distribution, etc. 2012
490 #0 - SERIES STATEMENT
Series statement Savills Asian Cities Report Singapore Residential
Volume/sequential designation 2H 2012
520 ## - SUMMARY, ETC.
Summary, etc. The luxury residential property market in Singapore is proving attractive to overseas and domestic investors once again. The introduction of the Additional Buyer's Stamp Duty at 10% in December 2011 and the Eurozone crisis led to a fall in demand.
590 ## - LOCAL NOTE (RLIN)
Local note KA NTK
651 #4 - SUBJECT ADDED ENTRY--GEOGRAPHIC NAME
Geographic name Singapore
690 ## - LOCAL SUBJECT ADDED ENTRY--TOPICAL TERM (OCLC, RLIN)
Topical term or geographic name as entry element Residential property
9 (RLIN) 6266
856 40 - ELECTRONIC LOCATION AND ACCESS
Uniform Resource Identifier <a href="https://pdf.savills.asia/asia-pacific-research/asia-pacific-research/asia-city-report-2h2012---singapore-residential.pdf">https://pdf.savills.asia/asia-pacific-research/asia-pacific-research/asia-city-report-2h2012---singapore-residential.pdf</a>
Public note View the item free of charge from the www.pdf.savills.asia website.
942 ## - ADDED ENTRY ELEMENTS (KOHA)
Suppress in OPAC 0
Holdings
Withdrawn status Lost status Source of classification or shelving scheme Damaged status Not for loan Home library Current library Shelving location Date acquired Total Checkouts Full call number Barcode Date last seen Copy number Price effective from Koha item type
    Dewey Decimal Classification     Virtual Virtual Online 28/08/2012   ONLINE PUBLICATION 157065-2001 06/08/2019 1 06/08/2019 Book